| 000 | 00474nam a2200157 a 4500 | ||
|---|---|---|---|
| 001 | 000039822 | ||
| 005 | 20201002033744.0 | ||
| 008 | 130724s1983 mx 000 0 spa d | ||
| 020 | _a9681816102 | ||
| 040 |
_aDO-SdBNP _bspa _cBNPHU |
||
| 100 | 1 |
_aWonnacott, Thomas _966015 |
|
| 245 | 1 | 0 |
_aAplicaciones del cálculo diferencial e integral / _cThomas Wonnacott. |
| 260 |
_aMéxico : _bEditorial Limusa, _c1983. |
||
| 300 |
_a497 p. : _bil. ; _c27 cm. |
||
| 500 | _aIncluye índice | ||
| 999 |
_c39312 _d39312 |
||